02527agaaa2200349 45000010005000000030009000050050017000140070009000310080040000400400023000800410013001031000056001161300021001722400021001932450124002142460014003382500022003522600089003743000021004635080111004845110091005955200942006865380016016285460013016446500063016577000063017207000068017837000058018519420012019099990019019219520237019406172IT-RoPAU20220918181254.0d cvaizq50131s9999||||xx ||| | || ||und|| aIT-RoPAUcIT-RoPAU aITALIANO aHitchcock AlfredgCodice regista SPICS: 5464936717 aNOTORIOUS950221 aNOTORIOUSgT1802 aNOTORIOUScProdotto da: Hitchcock Alfred Diretto da: Hitchcock AlfredpNOTORIOUS (Rif. Codice opera principale : 26172) aNOTORIOUS aEdizione Standard a(USA)bRKO / Distribuzione: RAI DUEg"1946 (1° ed.: 1984 ; Ed. Lingua Orig.: 1946)" aVHSbsonoro, b&w a"Fotografia: Tetzlaff Ted; Montaggio: Warth Theron; Musica: Webb Roy; Scenografia: D'Agostino Albert S.; " a"Bergman Ingrid; Grant Cary; Rains Claude; Calhern Louis; Konstantin Madame; Olsen M." aHELENA HUBERMAN E' FIGLIA DI UN TEDESCO STABILITO NEGLI STATI UNITI E DI UN'AMERICANA SUO PADRE VIENE CONDANNATO A 20 ANNI DI RECLUSIONE PER SPIONAGGIO A FAVORE DELLA GERMANIA E S'AVVELENA IN CARCERE LA FIGLIA CHE HA SEMPRE MANIFESTATO I SUOI SENTIMENTI DI BUONA AMERICANA VIENE ARRUOLATA NEL SERVIZIO SEGRETO AMERICANO DI CONTROSPIONAGGIO ED INVIATA A RIO DE JANEIRO DOVE DOVRA' INTRODURSI NEI CIRCOLI DEGLI AGENTI NAZISTI E RACCOLGIERE UTILI INFORMAZIONI BENCHE' AMI RIAMATA UN AGENTE AMERICANO ESSA PER ASSOLVERE IL SUO COMPITO SPOSA SEBASTIAN UN SUO ANTICO ADORATORE PRECEDENTEMENTE DA LEI RESPINTO CHE E' IL CAPO DEGLI AGENTI NAZISTI IN TAL MODO RIESCE A CARPIRE UN GELOSO SEGRETO CHE RIVELA SI SUOI SUPERIORI PER MEZZO DELL'AGENTE SUO AMICO SEBASTIAN QUANDO SI ACCORGE DI AVER SPOSATO UNA SPIA AMERICANA DECIDE DI SOPPRIMERLA MA L'AGENTE AMICO DI ELENA RIUSCIRA' A SALVARLA DRAMMA DELLO SPIONAGGIO IN BIANCO E NERO L'AMANTE PERDUTA aPAL, STEREO aITALIANO aDRAMMATICOeFILMS [VHS]xCodice MATERIA SPICS: 9960934083 aHecht Ben e(soggetto)gCodice Soggetto SPICS: 9138950222 aHitchcock Alfred e(regista)gCodice regista SPICS: 5464936717 aWebb Roye(musica)gCodice Musica SPICS: 30747950223 cVH2ddc c107067d107067 001040626172_00000000000000071aSPICSbSPICSd2015-01-31l0o26172r2015-01-31 00:00:00w2015-01-31yVHzProgr. Ins.: 1588 / N.Vol.:1 / Copie: 1 / Pag.: / Copia rara: NO / date import: 1.2.2015 / By Epidotti, Trombetti, Vaglietti